Statistics for Hack the Quiz #9

Click here to take the quiz!

General Stats

  • This quiz has been taken 142 times
  • The average score is 26 of 32

Answer Stats

CipherWord% Correct
25gained
93%
02Russian
91%
48is
91%
01with
90%
39statehood?
90%
47American
90%
76What
90%
78most
90%
30recently
89%
56deepest
87%
72What
87%
73and
87%
49oldest
86%
74island?
86%
98rhymes
86%
46French
85%
84What
85%
87Liberia?
85%
24lake?
84%
53What
84%
85remote
84%
55state
83%
86the
83%
59is
82%
15the
81%
68largest
80%
61Mediterranean
77%
77region
77%
Hawaii
74%
Siberia
65%
Baikal
44%
Corsica
39%

Score Distribution

Percentile by Number Answered

Percent of People with Each Score

Your Score History

You have not taken this quiz